Bucaneers Stat Leader - Statistics

General Stats
  • This quiz has been taken 5 times
  • The average score is 16 of 41
Answer Stats
Stat Number Player % Correct
Best AV (WR) 124 Mike Evans
80%
Targets 1,431 Mike Evans
80%
Receptions 836 Mike Evans
80%
Receiving Yards 12,684 yds Mike Evans
80%
Receiving Touchdowns 105 tds. Mike Evans
80%
(Average) Receiving yds. per Game 75.5 yds. Mike Evans
80%
Most points scored (Bucs Career) 644 pts. Mike Evans
80%
Passing Yards 19,737 yds. Jameis Winston
60%
Best AV (QB) 59 AV Jameis Winston
60%
Passes Completed 1563 cmp. Jameis Winston
60%
Pass Attempts 2548 att. Jameis Winston
60%
Passing Touchdowns 121 tds. Jameis Winston
60%
Interceptions 47 int. Ronde Barber
60%
Defensive Touchdowns 12 tds. Ronde Barber
60%
Passes Defended 197 passes Ronde Barber
60%
(Average) Pass yds. per Game 292.9 yds. Tom Brady
60%
Completion % (QB) 67.9% Baker Mayfield
40%
Passer Rating (Bucs Tenure, 100 att. min.) 100.7 Rating Baker Mayfield
40%
Solo Tackles 1300 tkls. Derrick Brooks
40%
Interceptions Thrown 112 int. Vinny Testeverde
40%
Times Sacked (QB) 197 Times Sacked Vinny Testeverde
40%
(Average) Rush yds. per Game 68.1 yds. Doug Martin
20%
Most Game Winning Drives 14 Drives Doug Williams
20%
Best AV (RB) 73 AV James Wilder
20%
Rush Attempts 1,575 att. James Wilder
20%
Rush Yards 5,957 yds. James Wilder
20%
Forced Fumbles 31 FF's Lavonte David
20%
Tackles for Loss 169 TFL's Lavonte David
20%
Sacks 78.5 sk. Lee Roy Selmon
20%
Extra Points attempted 183 EP att. Martin Gramatica
20%
Extra points made 181 EP made Martin Gramatica
20%
Field Goals attempted 179 FG att. Martin Gramatica
20%
Field Goals made 137 FG made Martin Gramatica
20%
Rushing Touchdowns 58 tds. Mike Alstott
20%
Longest Rush 98 yds. Ronald Jones II
20%
Longest Reception 95 yds. Vincent Jackson
20%
Longest Tenured Head Coach 9 years John McKay
0%
Longest Pass Completion 95 yds. Josh Freeman
0%
Punt Returns for td. 5 tds. Karl Willaims
0%
Kick Returns for td. 2 tds. Micheal Spurlock
0%
Yards Per Pass Att. 8.5 yds. Ryan Fitzpatrick
0%
No matching quizzes found
Score Distribution
Percent of People with Each Score
Percentile by Number Answered
Your Score History
You have not taken this quiz